000 00658nam a2200241Ia 4500
003 OSt
005 20230517135031.0
008 210423s2014 xx 000 0 und d
020 _a978-81-203-4071-8
040 _cAL
041 _aeng
082 _a523.01 BASI
100 _aBASU (Baidyanath);CHATTOPADHYAY (Tanuka);BISWAS (Sudhindra Nath)
_9106640
245 _aIntroduction to astrophysics Ed 2
250 _a2
260 _aDelhi
_bPHI Learning Pvt Ltd
_c2014
300 _axviii,582
_bPB
365 _b395
_cINR
650 _aAstronomy
_9106641
650 _aSciences
_9106642
906 _aastrophysics ; Ed ; Introduction
942 _2ddc
_cBK
999 _c167575
_d167575